Pays ayant le Français pour langue officiel - Statistiques

Statistiques générales
  • Ce quiz a été pris 283 fois
  • Le résultat moyen est 19 sur 28
Statistiques - réponses
continent pays % Correct
Europe France
99%
Europe Belgique
97%
Europe Suisse
94%
Europe Luxembourg
91%
Europe Monaco
90%
Afrique république démocratique du Congo
86%
Afrique république du Congo
85%
Amerique Canada
81%
Afrique Sénégal
80%
Afrique Côte d'ivoire
76%
Afrique Cameroun
74%
Amerique Haïti
67%
Afrique Niger
67%
Afrique Togo
67%
Afrique Guinée
65%
Afrique Madagascar
62%
Afrique Bénin
60%
Afrique Tchad
60%
Afrique Burkina Faso
58%
Afrique Gabon
55%
Afrique république centrafricaine
55%
Afrique Comores
49%
Afrique Djibouti
48%
Afrique Rwanda
48%
Afrique Guinée équatoriale
47%
Afrique Burundi
44%
Afrique Seychelles
39%
Océanie Vanuatu
37%
Aucun quiz correspondant
Distribution des résultats
% des personnes avec chaque résultat
Percentile par nombre de réponses
Votre historique - résultats
Vous n’avez pas pris ce quiz